01366cam a22003617a 4500003000500000005001700005008004100022010001000063011001000073020001800083035001000101040000900111082001700120100004200137245014300179260005400322300001100376590004100387590004100428590004100469590004100510590004100551590004200592650002500634700002500659700003500684901000700719905002300726942001000749949008300759999001700842952014500859CHAP20220329142341.0000911d1994 mx r 00110 esp d a82187 a83159 a968 444 180 0 a93669 cCHAP04a462bS3 199800aSantiago, María de Lourdes.910240310aEtimologías :bintroducción a la historia del léxico españolc/por María de Lourdes Santigo, Juan López Chávez y Karen Dakin aMéxico, D. F. :bAddison Wesley Longman,c1994. a250 p. aBATCH-UPDb10c20130110lUCH01h0418 aBATCH-UPDb10c20130110lUCH01h2105 aBATCH-UPDb10c20130410lUCH01h0052 aBATCH-UPDb10c20130410lUCH01h1629 aBATCH-UPDb10c20130914lUCH01h1135 aCONVERSIONb10c20130109lUCH01h134614aEtimología.9386050 aDakin, Karen.9309190 aLópez Chávez, Juan.967773 aBK aLilia Sánchez G. cLIBRO a462 S3 1998bBCcLIBROd33724000788659eLIBROgI. c/eh98630i93669sit$57.00 c82187d82187 00102ddc4052708GRALaBCbBCcPA_GRALd2019-12-31eI. c/efLIBROl0o462 S3 1998p33724000788659r2019-12-31 00:00:00w2019-12-31yLIBRO